My name is Yoon / (Record no. 49727)
| 000 -LEADER | |
|---|---|
| fixed length control field | 01520nam a2200325 4500 |
| 020 ## - INTERNATIONAL STANDARD BOOK NUMBER | |
| International Standard Book Number | 9781250057112 |
| 035 ## - SYSTEM CONTROL NUMBER | |
| System control number | 12201427 |
| 040 ## - CATALOGING SOURCE | |
| Original cataloging agency | DLC |
| Transcribing agency | DLC |
| Modifying agency | DLC |
| 042 ## - AUTHENTICATION CODE | |
| Authentication code | lcac |
| 050 00 - LIBRARY OF CONGRESS CALL NUMBER | |
| Classification number | PZ7.R24435 |
| Item number | My 2003 |
| 082 00 - DEWEY DECIMAL CLASSIFICATION NUMBER | |
| Classification number | [E] |
| Edition number | 21 |
| 100 ## - MAIN ENTRY--PERSONAL NAME | |
| Personal name | Recorvits, Helen, |
| Relator term | author. |
| 9 (RLIN) | 37999 |
| 245 10 - TITLE STATEMENT | |
| Title | My name is Yoon / |
| Statement of responsibility, etc | Helen Recorvits ; pictures by Gabi Swiatkowska. |
| 260 ## - PUBLICATION, DISTRIBUTION, ETC. (IMPRINT) | |
| Place of publication, distribution, etc | New York : |
| Name of publisher, distributor, etc | Frances Foster Books, |
| Date of publication, distribution, etc | 2003. |
| 300 ## - PHYSICAL DESCRIPTION | |
| Extent | 1 v. (unpaged) : |
| Other physical details | col. ill. ; |
| Dimensions | 23 x 27 cm. |
| 520 ## - SUMMARY, ETC. | |
| Summary, etc | Disliking her name as written in English, Korean-born Yoon, or "shining wisdom," refers to herself as "cat," "bird," and "cupcake," as a way to feel more comfortable in her new school and new country. |
| 650 #0 - SUBJECT ADDED ENTRY--TOPICAL TERM | |
| Topical term or geographic name as entry element | Korean Americans |
| Form subdivision | Juvenile fiction. |
| 650 #1 - SUBJECT ADDED ENTRY--TOPICAL TERM | |
| Topical term or geographic name as entry element | Korean Americans |
| Form subdivision | Fiction. |
| 650 ## - SUBJECT ADDED ENTRY--TOPICAL TERM | |
| Topical term or geographic name as entry element | Emigration and immigration |
| Form subdivision | Fiction. |
| 650 ## - SUBJECT ADDED ENTRY--TOPICAL TERM | |
| Topical term or geographic name as entry element | First day of school |
| Form subdivision | Fiction. |
| 650 ## - SUBJECT ADDED ENTRY--TOPICAL TERM | |
| Topical term or geographic name as entry element | Schools |
| Form subdivision | Fiction. |
| 650 ## - SUBJECT ADDED ENTRY--TOPICAL TERM | |
| Topical term or geographic name as entry element | Names, Personal |
| Form subdivision | Fiction. |
| 655 #7 - INDEX TERM--GENRE/FORM | |
| Genre/form data or focus term | Fiction. |
| Source of term | lcgft |
| 9 (RLIN) | 52739 |
| 700 ## - ADDED ENTRY--PERSONAL NAME | |
| Personal name | Swiatkowska, Gabi, |
| Relator term | ill. |
| 9 (RLIN) | 86840 |
| 856 42 - ELECTRONIC LOCATION AND ACCESS | |
| Materials specified | Contributor biographical information |
| Uniform Resource Identifier | <a href="http://www.loc.gov/catdir/bios/hol052/00051395.html">http://www.loc.gov/catdir/bios/hol052/00051395.html</a> |
| 856 42 - ELECTRONIC LOCATION AND ACCESS | |
| Materials specified | Publisher description |
| Uniform Resource Identifier | <a href="http://www.loc.gov/catdir/description/hol031/00051395.html">http://www.loc.gov/catdir/description/hol031/00051395.html</a> |
| 942 ## - ADDED ENTRY ELEMENTS (KOHA) | |
| Source of classification or shelving scheme | |
| Koha item type | Book |
| Withdrawn status | Lost status | Source of classification or shelving scheme | Damaged status | Not for loan | Home library | Current library | Date acquired | Total Checkouts | Full call number | Barcode | Date last seen | Date checked out | Price effective from | Koha item type |
|---|---|---|---|---|---|---|---|---|---|---|---|---|---|---|
| Logos International School | Logos International School | 11/12/2025 | 1 | E REC | 041933 | 01/21/2026 | 11/25/2025 | 11/12/2025 | Book |